Pick a Bacon Quiz Stats

 Plays Quiz not verified by Sporcle

Support Sporcle.
Go Orange.
Score 0/9 Timer 03:00
3 Plays Today
% Correct
Kevin Bacon
96.8%
Streaky Bacon
77.4%
Jowl Bacon
67.5%
Canadian Bacon
66.2%
Lardons
63.3%
Lap Yuk
61.6%
Back Bacon
50.8%
Speck
47.6%
Pancetta (arrotolata)
36.8%

You're not logged in!

Compare scores with friends on all Sporcle quizzes.
OR
Log In

From the Vault

Movies by Ending Title Cards II

by ddd62291

The ending title card is just as great as an epilogue. Everyone wants to know 'what happened next?'
Remove Ads.
Support Sporcle.
Get the best of Sporcle when you Go Orange. This ad-free experience offers more features, more stats, and more fun while also helping to support Sporcle. Thank you for becoming a member.

Show Comments

Extras

Top Quizzes Today


Score Distribution

Your Account Isn't Verified!

In order to create a playlist on Sporcle, you need to verify the email address you used during registration. Go to your Sporcle Settings to finish the process.

Report this User

Report this user for behavior that violates our Community Guidelines.

Details: